Music Quiz

Random Music or Lyrics Quiz

Is That The Opening Lyric? II Quiz Stats

Quiz Updated Dec 31, 2015

Challenge
Share
Tweet
Embed
Score 0/24 Timer 04:00
7 Plays Today
Song (Artist) First Lyric - Yes (Y) or No (N) % Correct
Welcome To The Jungle (Guns N' Roses)???
85.2%
Wouldn't It Be Nice (Beach Boys)???
80.8%
I Knew You Were Trouble (Taylor Swift)???
80.4%
Uptown Girl (Billy Joel) ???
75.1%
Monday, Monday (The Mamas & the Papas)???
75%
Karma Chameleon (Culture Club)???
72.9%
Where Is The Love? (The Black Eyed Peas) ???
72%
Starships (Nicki Minaj)???
71.2%
The First Cut Is The Deepest (Cat Stevens)???
70.1%
Love Shack (The B-52's)???
70.1%
What's Love Got To Do With It (Tina Turner) ???
69.1%
Mustang Sally (Wilson Pickett)???
68.2%
Song (Artist) First Lyric - Yes (Y) or No (N) % Correct
In My Life (Beatles) ???
67.1%
If I Were A Boy (Beyoncé) ???
67.1%
I Want To Know What Love Is (Foreigner)???
66.2%
I Want To Break Free (Queen)???
63.3%
Don't Speak (No Doubt)???
63.1%
I Just Called To Say I Love You (Stevie Wonder) ???
59.4%
I Write The Songs (Barry Manilow)???
55.1%
Karma Police (Radiohead)???
48%
In My Place (Coldplay)???
38.4%
Sail On (Commodores) ???
31.8%
Four Seasons In One Day (Crowded House)???
30.7%
Every Time We Say Goodbye (Ella Fitzgerald)???
29.6%

You're not logged in!

Compare scores with friends on all Sporcle quizzes.
Sign Up with Email
OR
Log In

You Might Also Like...

Show Comments

Extras

Top Quizzes Today


Score Distribution

Your Account Isn't Verified!

In order to create a playlist on Sporcle, you need to verify the email address you used during registration. Go to your Sporcle Settings to finish the process.